Intellectual Property and Technology Due Diligence

Detalles Bibliográficos
Autor principal: Kolo, Lacy
Formato: eBook
Lenguaje:inglés
Publicado: Chicago: American Bar Association, 2018
Materias:
Acceso en línea:Acceso restringido

MARC

LEADER 00000nam a22000007a 4500
005 20210226233442.0
007 cr|||| ||||
008 210226s2018 us |||||s|||| 00||0 eng d
020 |a 978-1-64105-124-8 
035 |a 33073 
040 |a vLex 
090 |c 11312  |d 11312 
100 1 |a Kolo, Lacy 
245 1 0 |a Intellectual Property and Technology Due Diligence  |h [Recurso electrn̤ico] /  |c Lacy Kolo 
256 |a Servicio en ln̕ea 
260 |a Chicago:  |b American Bar Association,  |c 2018 
300 |a 1 recurso electrn̤ico 
506 1 |a Disponible solo en los productos indicados  |d vLex Global  |d vLex Global (Academic Edition, excluding Law Schools)  |d vLex Global (Academic Edition, Law Schools) 
650 0 4 |a Derecho Mercantil y de la Empresa  |z Estados Unidos 
740 0 |a vLex Libros (Servicio en ln̕ea) 
856 4 0 |u http://vlex.com/source/intellectual-property-technology-due-diligence-33073  |z Acceso restringido 
942 |c BOOK 
999 0 |a Commercial and Company Law